| 000 | 00639nam a22001337a 4500 | ||
|---|---|---|---|
| 040 | _cRUA | ||
| 082 | _aAGR CHH 2015 B549 Or.1 | ||
| 100 | _aCHHIN CHHYRITHIPOUL, ឈិន ឈីឬទ្ធិពល | ||
| 245 | _apesticide utilization on dry season rice in svay chrum district,svay rieng province ,ការប្រើប្រាស់ថ្នាំកសិកម្មទៅលើដំណាំស្រូវប្រាំងស្រុកស្វាយជ្រំ ខេត្តស្វាយរៀង | ||
| 260 |
_aphnom penh _bRUA _c2015 |
||
| 300 |
_ax;43p; _bill; _c29cm; |
||
| 856 | _u CHHIN CHHYRITHIPOUL | ||
| 942 | _cAGR | ||
| 999 |
_c12164 _d12164 |
||